000 00393 a2200169 4500
001 195316
020 _a978-85-7676-562-2
040 _cMagnum
100 _aAriello, Fabiane
240 1 0 _aBarbíe e as três mosqueteiros
_l
245 1 0 _aBarbíe e as três mosqueteiros
300 _a71
362 0 _a2009
440 1 _aCiranda Cultural
697 _aLITERATURA INFANTIL
942 _cBK
999 _c195316
_d195316